Architecture In Context: Contemporary Design Solutions Based On Environmental, Social And Cultural Identities (Record no. 12026)

000 -LEADER
fixed length control field 00407 a2200145 4500
003 - CONTROL NUMBER IDENTIFIER
control field OSt
005 - DATE AND TIME OF LATEST TRANSACTION
control field 20240111141850.0
008 - FIXED-LENGTH DATA ELEMENTS--GENERAL INFORMATION
fixed length control field 240111b ||||| |||| 00| 0 eng d
020 ## - INTERNATIONAL STANDARD BOOK NUMBER
International Standard Book Number 9788416851720
082 ## - DEWEY DECIMAL CLASSIFICATION NUMBER
Classification number 724
100 ## - MAIN ENTRY--PERSONAL NAME
Personal name The Plan
245 ## - TITLE STATEMENT
Title Architecture In Context: Contemporary Design Solutions Based On Environmental, Social And Cultural Identities
260 ## - PUBLICATION, DISTRIBUTION, ETC. (IMPRINT)
Name of publisher, distributor, etc Promopress
Date of publication, distribution, etc 2018
942 ## - ADDED ENTRY ELEMENTS (KOHA)
Source of classification or shelving scheme
Holdings
Withdrawn status Lost status Source of classification or shelving scheme Damaged status Koha normalized classification for sorting Not for loan Permanent location Current location Date acquired Source of acquisition Cost, normal purchase price Full call number Barcode Date last seen Cost, replacement price Price effective from Koha item type
        724_000000000000000   BMS College of Architecture, Design and Planning BMS College of Architecture, Design and Planning 2024-01-17 10 2989.51 724 AR-UG3307 2024-01-17 4270.73 2024-01-17 UG Books
Copyright © 2025, The Librarian, Library and Information Centre, BMSCA D&P, Bengaluru. All Rights Reserved
web counter

Powered by Koha